[Event "October 1800+"]
[Site "SchemingMind.com"]
[Date "2015.10.05"]
[Round "-"]
[White "Stephen Woodhouse"]
[Black "frankly"]
[Result "0-1"]
[WhiteCountry "ENG"]
[BlackCountry "ENG"]
[WhiteElo "1927"]
[WhiteRD "48"]
[BlackElo "2454"]
[BlackRD "56"]
[GameID "388401"]

1. e4 c5 2. c3 d5 3. exd5 Qxd5 4. d4 Nf6 5. Nf3 Bg4 6. Be2 e6 7. h3 Bh5 8. O-O Nc6 9. Be3 cxd4 10. cxd4 Be7
11. Nc3 Qd6 12. Qb3 O-O 13. Rfd1 Rfd8 14. Ne5 Bxe2 15. Nxe2 Nxe5 16. dxe5 Qxe5 17. Qxb7 Nd5 18. Nc3 Rdb8 19. Qc6 Nxe3 20. fxe3 Qxe3+
21. Kh1 Bf6 22. Rac1 Be5 23. Ne4 Qf4 24. g3 Qf3+ 25. Kg1 Bxb2 26. Rb1 Bd4+
0-1

[Event "October 1800+"]
[Site "SchemingMind.com"]
[Date "2015.10.05"]
[Round "-"]
[White "frankly"]
[Black "Stephen Woodhouse"]
[Result "1-0"]
[WhiteCountry "ENG"]
[BlackCountry "ENG"]
[WhiteElo "2454"]
[WhiteRD "56"]
[BlackElo "1927"]
[BlackRD "48"]
[GameID "388402"]

1. d4 e6 2. e4 d5 3. Nc3 Nf6 4. Bg5 dxe4 5. Nxe4 Be7 6. Bxf6 Bxf6 7. Nf3 O-O 8. Qd2 Nd7 9. O-O-O b6 10. Bc4 Bb7
11. Rhe1 c5 12. d5 exd5 13. Bxd5 Bxd5 14. Qxd5
1-0

[Event "October 1800+"]
[Site "SchemingMind.com"]
[Date "2015.10.05"]
[Round "-"]
[White "Kid A"]
[Black "Stephen Woodhouse"]
[Result "1/2-1/2"]
[WhiteCountry "FIN"]
[BlackCountry "ENG"]
[WhiteElo "1843"]
[WhiteRD "73"]
[BlackElo "1935"]
[BlackRD "50"]
[GameID "388425"]

1. e4 e6 2. d4 d5 3. Nc3 Nf6 4. Bg5 dxe4 5. Nxe4 Be7 6. Bxf6 Bxf6 7. Nf3 O-O 8. c3 Nd7 9. Bd3 b6 10. O-O Bb7
11. Qc2 g6 12. Rae1 c5 13. dxc5 Nxc5 14. Nxc5 bxc5 15. Be4 Bxe4 16. Qxe4 Qb6 17. b3 Bxc3 18. Rc1 Bg7 19. Ne5 Bxe5 20. Qxe5 Rac8
21. Rc3 Rfd8 22. Rh3 Qd6 23. Qg5 Qd4 24. Qh6 Qg7 25. Qh4 g5 26. Qa4 f5 27. Qc4 Qf7 28. Re3 Rd6 29. Rfe1 Rcc6 30. h3 Rd4
31. Qc1 c4 32. Rc3 Qc7 33. Qxg5+ Qg7 34. Qh5 Kf8 35. Qf3 Qd7 36. bxc4 Rdxc4 37. Rxc4 Rxc4 38. Rd1 Rd4 39. Rb1 Rd5= 40. Rb8+ Ke7
41. Qg3 Rd1+ 42. Kh2 Qd6 43. Rb7+ Kf6 44. Qxd6 Rxd6 45. Rxa7 h5 46. f4 e5 47. fxe5+ Kxe5 48. Rh7 Ra6 49. Rxh5 Rxa2 50. Rg5 Kf6
51. Rg3 f4 52. Rc3 Kg5 53. Rc5+ Kg6 54. Kg1 Rb2 55. Kf1 Kf6 56. h4 Ra2 57. Kg1 Kg6 58. Kh2 f3 59. Rg5+ Kh6 60. Kh3 fxg2
61. Rxg2=
1/2-1/2

[Event "October 1800+"]
[Site "SchemingMind.com"]
[Date "2015.10.05"]
[Round "-"]
[White "Stephen Woodhouse"]
[Black "Kid A"]
[Result "1-0"]
[WhiteCountry "ENG"]
[BlackCountry "FIN"]
[WhiteElo "1935"]
[WhiteRD "50"]
[BlackElo "1843"]
[BlackRD "73"]
[GameID "388426"]

1. e4 e6 2. d4 d5 3. Nd2 Nf6 4. e5 Nfd7 5. Bd3 c5 6. c3 Nc6 7. Ne2 Qb6 8. Nf3 cxd4 9. cxd4 f6 10. exf6 gxf6
11. O-O Bg7 12. Nf4 Nf8 13. Re1 Qc7 14. Qe2 Bd7 15. Nh5 Rg8 16. Nxg7+ Rxg7 17. Bh6 Re7 18. Bxf8 Kxf8 19. Rac1 Qf4 20. g3 Qg4
21. Qe3 Qg7 22. Nh4 e5 23. dxe5 Nxe5 24. Bf5 Rae8 25. Bxd7 Nxd7 26. Qa3 Kg8 27. Rxe7 Qxe7 28. Qxe7 Rxe7 29. Rc7 Kf7 30. Kf1 Ne5
31. Rxe7+ Kxe7 32. Ke2 Ke6 33. Nf3 Nxf3 34. Kxf3 Ke5 35. Ke3 d4+ 36. Kd3 b5 37. b4 h5 38. f3 f5 39. f4+
1-0

[Event "October 1800+"]
[Site "SchemingMind.com"]
[Date "2015.10.05"]
[Round "-"]
[White "Kid A"]
[Black "frankly"]
[Result "0-1"]
[WhiteCountry "FIN"]
[BlackCountry "ENG"]
[WhiteElo "1851"]
[WhiteRD "76"]
[BlackElo "2454"]
[BlackRD "56"]
[GameID "388427"]

1. e4 c5 2. Nf3 Nc6 3. d4 cxd4 4. Nxd4 Nf6 5. Nc3 d6 6. Bg5 e5 7. Ndb5 a6 8. Na3 b5 9. Nd5 Be7 10. Bxf6 Bxf6
11. c3 O-O 12. Nc2 Bg5 13. a4 bxa4 14. Rxa4 a5 15. Bc4 Rb8 16. Ra2 Kh8 17. Nce3 Ne7 18. h4 Bxe3 19. Nxe3 f5 20. exf5 Nxf5
21. Nxf5 Rxf5 22. Qd5 Bb7 23. Qxa5 Qc8 24. Bf1 Ra8
0-1

[Event "October 1800+"]
[Site "SchemingMind.com"]
[Date "2015.10.05"]
[Round "-"]
[White "frankly"]
[Black "Kid A"]
[Result "1-0"]
[WhiteCountry "ENG"]
[BlackCountry "FIN"]
[WhiteElo "2454"]
[WhiteRD "56"]
[BlackElo "1851"]
[BlackRD "76"]
[GameID "388428"]

1. d4 d5 2. Nf3 Nf6 3. c4 e6 4. Nc3 c6 5. Bg5 dxc4 6. e4 b5 7. e5 h6 8. Bh4 g5 9. Nxg5 hxg5 10. Bxg5 Nbd7
11. exf6 Bb7 12. g3 c5 13. d5 b4 14. Bxc4 Nxf6 15. Qa4+ Ke7 16. Rd1 Bh6 17. dxe6
1-0

[Event "October 1800+"]
[Site "SchemingMind.com"]
[Date "2015.10.09"]
[Round "-"]
[White "Kid A"]
[Black "Abstract Actuary"]
[Result "0-1"]
[WhiteCountry "FIN"]
[BlackCountry "USA"]
[WhiteElo "1827"]
[WhiteRD "77"]
[BlackElo "1854"]
[BlackRD "70"]
[GameID "388568"]

1. e3 e5 2. Nf3 e4 3. Nd4 d5 4. d3 f5 5. dxe4 fxe4 6. c4 Bb4+ 7. Bd2 Bxd2+ 8. Nxd2 c6 9. Be2 Nf6 10. O-O O-O
11. Qb3 Qb6 12. Qxb6 axb6 13. cxd5 cxd5 14. Rfc1 Bd7 15. Rc7 Bc6 16. Nb5 Rd8 17. Nb3 Na6 18. Re7 Kf8 19. Re6 Nc5 20. N3d4 Nxe6
21. Nxe6+ Ke7 22. Nxd8 Rxd8 23. Nd4 g6 24. Rc1 Kd7 25. b4 Kd6 26. h3 h5 27. g4 Ra8 28. b5 Bd7 29. gxh5 gxh5 30. Kh2 Rxa2
31. Kg3 Rb2 32. Kf4 Ne8 33. Rg1 Nc7 34. Rg6+ Kc5 35. f3 exf3 36. Bxf3 Nxb5
0-1

[Event "October 1800+"]
[Site "SchemingMind.com"]
[Date "2015.10.09"]
[Round "-"]
[White "Abstract Actuary"]
[Black "Kid A"]
[Result "0-1"]
[WhiteCountry "USA"]
[BlackCountry "FIN"]
[WhiteElo "1891"]
[WhiteRD "68"]
[BlackElo "1843"]
[BlackRD "73"]
[GameID "388569"]

1. e4 e5 2. Nf3 Nc6 3. Bb5 a6 4. Ba4 Nf6 5. O-O Be7 6. Re1 b5 7. Bb3 O-O 8. c3 d5 9. exd5 Nxd5 10. Nxe5 Nxe5
11. Rxe5 c6 12. d4 Bd6 13. Re1 Qh4 14. g3 Qh3 15. Re4 g5 16. Qf3 h6 17. Qg2 Qh5 18. g4 Qg6 19. Nd2 Nf4 20. Qf3 a5
21. a3 Bb7 22. Re1 Rae8 23. Re3 Ba8 24. Ba2 c5 25. Bb1 Bxf3 26. Bxg6 Rxe3 27. Bxf7+ Rxf7 28. fxe3 Nh3+ 29. Kf1 Bxg4+ 30. Kg2 Rf2+
31. Kh1 Rxh2#
0-1

[Event "October 1800+"]
[Site "SchemingMind.com"]
[Date "2015.10.08"]
[Round "-"]
[White "Abstract Actuary"]
[Black "Stephen Woodhouse"]
[Result "1-0"]
[WhiteCountry "USA"]
[BlackCountry "ENG"]
[WhiteElo "1901"]
[WhiteRD "66"]
[BlackElo "1927"]
[BlackRD "48"]
[GameID "388570"]

1. e4 e6 2. d4 d5 3. exd5 exd5 4. c4 Nf6 5. Nc3 Be7 6. Nf3 O-O 7. Bd3 dxc4 8. Bxc4 Bg4 9. Be3 Nbd7 10. O-O Nb6
11. Bb3 Nbd5 12. h3 Bh5 13. g4 Bg6 14. Ne5 Nxc3 15. bxc3 Nd5 16. Rc1 Bf6 17. Nxg6 hxg6 18. Qf3 c6 19. Bxd5 Qxd5 20. Qxd5 cxd5
21. g5 Be7 22. Bf4 Rac8 23. Rc2 Rc4 24. Rb1 b6 25. Rb5 Rd8 26. h4 Kf8 27. Bd2 f6 28. f4 Kf7 29. Kf2 Ke6 30. Rc1 Rdc8
31. Rg1 fxg5 32. fxg5 Bd6 33. Re1+ Kf7 34. Rxd5 Ba3 35. Rd7+ Kg8 36. Rb1 Rf8+ 37. Ke3 Rc6 38. d5 Rd6 39. Rxd6 Bxd6 40. Ke4 Rf2
41. Kd3 Rh2 42. Re1 Rxh4 43. Re6 Bc5 44. Rxg6 Kf7 45. Re6 Ra4 46. g6+ Kf8 47. d6 Rxa2 48. Bg5 b5 49. d7
1-0

[Event "October 1800+"]
[Site "SchemingMind.com"]
[Date "2015.10.08"]
[Round "-"]
[White "Stephen Woodhouse"]
[Black "Abstract Actuary"]
[Result "1-0"]
[WhiteCountry "ENG"]
[BlackCountry "USA"]
[WhiteElo "1927"]
[WhiteRD "48"]
[BlackElo "1901"]
[BlackRD "66"]
[GameID "388571"]

1. e4 c5 2. c3 d5 3. exd5 Qxd5 4. d4 cxd4 5. cxd4 Nc6 6. Nf3 e5 7. Nc3 Bb4 8. Bd2 Bxc3 9. Bxc3 e4 10. Ne5 Nxe5
11. dxe5 Qxd1+ 12. Rxd1 a6 13. Bc4 Ne7 14. O-O b5 15. Bb3 Bb7 16. Rfe1 a5 17. Bc2 b4 18. Bd4 Rc8 19. Bxe4 Bxe4 20. Rxe4 Rc2
21. Kf1 Nc6 22. Re2 Nxd4 23. Rxc2 Nxc2 24. Rc1 Ne3+ 25. fxe3 Kd7 26. Rc5 Ra8 27. Ke2 Ke6 28. Kf3 Ra7 29. Ke4 a4 30. Rc6+ Kd7
31. Rb6 a3 32. Rxb4 axb2 33. Rxb2 Ke6 34. Rf2 Ra4+ 35. Kd3 Ra7 36. Kc4 Kxe5 37. Kb5 f6 38. a4 Ke4 39. a5 Kxe3 40. Ra2 f5
41. a6 g5 42. Kb6 Ra8 43. Kb7 Rf8 44. a7 f4 45. a8=Q Rxa8 46. Rxa8 g4 47. Rh8 f3 48. gxf3 gxf3 49. Rxh7 f2 50. Rf7 Ke2
51. h4
1-0

[Event "October 1800+"]
[Site "SchemingMind.com"]
[Date "2015.10.08"]
[Round "-"]
[White "Abstract Actuary"]
[Black "frankly"]
[Result "0-1"]
[WhiteCountry "USA"]
[BlackCountry "ENG"]
[WhiteElo "1901"]
[WhiteRD "66"]
[BlackElo "2454"]
[BlackRD "56"]
[GameID "388572"]

1. e4 c5 2. d4 cxd4 3. c3 Nf6 4. e5 Nd5 5. cxd4 d6 6. Bc4 Nb6 7. Bb5+ Bd7 8. e6 fxe6 9. Bd3 g6 10. Nf3 Nc6
11. Ng5 Nxd4 12. Nxh7 Nf5 13. Ng5 Bg7 14. g4 Nh4 15. O-O Qc7 16. Re1 d5 17. Nxe6 Bxe6 18. Rxe6 Nf3+ 19. Qxf3 Qxc1+ 20. Kg2 Kd7
21. Rxb6 Rxh2+ 22. Kxh2 Rh8+ 23. Qh3 Be5+ 24. Kg2 Rxh3 25. Kxh3 Qh1#
0-1

[Event "October 1800+"]
[Site "SchemingMind.com"]
[Date "2015.10.08"]
[Round "-"]
[White "frankly"]
[Black "Abstract Actuary"]
[Result "1-0"]
[WhiteCountry "ENG"]
[BlackCountry "USA"]
[WhiteElo "2454"]
[WhiteRD "56"]
[BlackElo "1901"]
[BlackRD "66"]
[GameID "388573"]

1. d4 Nf6 2. Nf3 e6 3. c4 Bb4+ 4. Nbd2 O-O 5. a3 Bxd2+ 6. Bxd2 d5 7. Qc2 dxc4 8. e4 b5 9. e5 Nd5 10. a4 c6
11. Be2 Bb7 12. Ng5 g6 13. h4 Qe7 14. h5 f6 15. hxg6 fxg5 16. Rxh7 Qxh7 17. gxh7+ Kg7 18. Bh5 Nd7 19. h8=R Kxh8 20. Qg6 Nf4
21. Qh6+ Kg8 22. Qxg5+
1-0

[Event "October 1800+"]
[Site "SchemingMind.com"]
[Date "2015.10.14"]
[Round "-"]
[White "Kid A"]
[Black "Don71"]
[Result "0-1"]
[WhiteCountry "FIN"]
[BlackCountry "NIR"]
[WhiteElo "1843"]
[WhiteRD "73"]
[BlackElo "2318"]
[BlackRD "85"]
[GameID "388746"]

1. e4 e5 2. Nf3 Nc6 3. d4 exd4 4. Bc4 Nf6 5. O-O Nxe4 6. Re1 d5 7. Bxd5 Qxd5 8. Nc3 Qa5 9. Nxe4 Be6 10. Bd2 Qf5
11. Neg5 O-O-O 12. Qe2 Bd5 13. Nh4 Qxc2 14. b3 g6 15. Bf4 Qxe2 16. Rxe2 h6 17. Ne4 Bxe4 18. Rxe4 g5
0-1

[Event "October 1800+"]
[Site "SchemingMind.com"]
[Date "2015.10.14"]
[Round "-"]
[White "Don71"]
[Black "Kid A"]
[Result "1-0"]
[WhiteCountry "NIR"]
[BlackCountry "FIN"]
[WhiteElo "2318"]
[WhiteRD "85"]
[BlackElo "1843"]
[BlackRD "73"]
[GameID "388747"]

1. e4 e5 2. Nf3 Nc6 3. d4 exd4 4. Nxd4 Nf6 5. Nxc6 bxc6 6. e5 Qe7 7. Qe2 Nd5 8. c4 Ba6 9. Nd2 O-O-O 10. b3 g6
11. Bb2 Bg7 12. O-O-O Rhe8 13. Qg4 h5 14. Qd4 Nb6 15. c5 Bxf1 16. cxb6 Bxg2 17. bxc7 Kxc7 18. Qxa7+ Kc8 19. Nc4
1-0

[Event "October 1800+"]
[Site "SchemingMind.com"]
[Date "2015.10.14"]
[Round "-"]
[White "Abstract Actuary"]
[Black "Don71"]
[Result "0-1"]
[WhiteCountry "USA"]
[BlackCountry "NIR"]
[WhiteElo "1891"]
[WhiteRD "68"]
[BlackElo "2318"]
[BlackRD "85"]
[GameID "388748"]

1. e4 e5 2. Nf3 Nc6 3. Bb5 a6 4. Ba4 b5 5. Bb3 Nf6 6. O-O d6 7. Re1 Be7 8. c3 O-O 9. d4 Bg4 10. dxe5 Nxe5
11. Nbd2 Nfd7 12. h3 Bh5 13. g4 Bg6 14. Nxe5 dxe5 15. Nf3 c6 16. Bc2 Qc7 17. Be3 c5 18. Qe2 c4 19. Rad1 Rfe8 20. Nh2 Nc5
21. f4 exf4 22. Bd4 Bh4 23. Rf1 Bxe4 24. Bxe4 Rxe4 25. Qf3 Rae8 26. Kh1 Nd3 27. Rd2 Be1 28. Rc2 Bg3 29. Rg2 Ne1
0-1

[Event "October 1800+"]
[Site "SchemingMind.com"]
[Date "2015.10.15"]
[Round "-"]
[White "Don71"]
[Black "Abstract Actuary"]
[Result "1-0"]
[WhiteCountry "NIR"]
[BlackCountry "USA"]
[WhiteElo "2318"]
[WhiteRD "85"]
[BlackElo "1891"]
[BlackRD "68"]
[GameID "388749"]

1. e4 e5 2. Nf3 Nf6 3. Nxe5 d6 4. Nf3 Nxe4 5. Qe2 Qe7 6. Nc3 Nxc3 7. dxc3 Bg4 8. Be3 Nc6 9. Qb5 O-O-O 10. O-O-O Bxf3
11. gxf3 a6 12. Qa4 g6 13. Bxa6 Ne5 14. f4 Ng4 15. Bd4 Rg8 16. Rhe1 Qd7 17. Bxb7+ Kxb7 18. Qa7+ Kc6 19. Qa6+ Kd5 20. c4#
1-0

[Event "October 1800+"]
[Site "SchemingMind.com"]
[Date "2015.10.15"]
[Round "-"]
[White "Don71"]
[Black "Stephen Woodhouse"]
[Result "1-0"]
[WhiteCountry "NIR"]
[BlackCountry "ENG"]
[WhiteElo "2318"]
[WhiteRD "85"]
[BlackElo "1935"]
[BlackRD "50"]
[GameID "388750"]

1. e4 e6 2. d4 d5 3. Nc3 Nf6 4. Bg5 dxe4 5. Nxe4 Be7 6. Nxf6+ Bxf6 7. Bxf6 Qxf6 8. Nf3 O-O 9. Bd3 Nd7 10. O-O e5
11. c3 exd4 12. cxd4 c6 13. Qc2 h6 14. Rfe1 Nb6 15. a4 Be6 16. a5 Nd5 17. Bh7+ Kh8 18. Be4 Rad8 19. a6 Nb4 20. Qc3 Nxa6
21. Bxc6 bxc6 22. Rxa6 Bd5 23. Ne5 Qg5 24. g3 Qh5 25. Rxa7 f6 26. g4 Qg5 27. f4 Qh4 28. Ng6+
1-0

[Event "October 1800+"]
[Site "SchemingMind.com"]
[Date "2015.10.15"]
[Round "-"]
[White "Stephen Woodhouse"]
[Black "Don71"]
[Result "0-1"]
[WhiteCountry "ENG"]
[BlackCountry "NIR"]
[WhiteElo "1872"]
[WhiteRD "49"]
[BlackElo "2298"]
[BlackRD "83"]
[GameID "388751"]

1. e4 e5 2. Nf3 Nc6 3. d4 exd4 4. Nxd4 Qh4 5. Nb5 Bc5 6. Qf3 Kd8 7. Be3 Bxe3 8. Qxe3 d6 9. N1c3 Qh6 10. Qxh6 Nxh6
11. f3 a6 12. Na3 b5 13. Nd5 f5 14. Bd3 Ne5 15. O-O-O Bb7 16. c4 Re8 17. Rhe1 Nxd3+ 18. Rxd3 Re5 19. cxb5 axb5 20. Kb1 Ra5
21. Nc2 fxe4 22. fxe4 Ra4 23. Nc3 Bxe4 24. Nxa4 Bxd3 25. Rxe5 dxe5 26. Nc5 Bf5 27. Kc1 Ke7 28. Ne3 Kd6 29. b4 Be6 30. a3 Nf5
31. Nxf5+ Bxf5 32. Kd2 g5 33. Ke3 g4 34. g3 Kd5 35. Na6 Kc6 36. Nc5 h6 37. Na6 Kd7 38. Nc5+ Kd6 39. Na6 Kc6 40. Nc5 h5
41. Na6 Kd7 42. Nc5+ Kd6 43. Na6 Bc2 44. Kd2 Bh7 45. Ke3 Bf5 46. Nc5 Kd5 47. Na6 c6 48. Nc5 Kc4 49. Na6 Kb3 50. Nb8 Kxa3
51. Nxc6 Bh7 52. Nxe5 Kxb4 53. Kd2 Ka3 54. Ke3 b4 55. Kf4 Bg8 56. Kg5 b3
0-1

[Event "October 1800+"]
[Site "SchemingMind.com"]
[Date "2015.10.15"]
[Round "-"]
[White "Don71"]
[Black "frankly"]
[Result "1/2-1/2"]
[WhiteCountry "NIR"]
[BlackCountry "ENG"]
[WhiteElo "2298"]
[WhiteRD "83"]
[BlackElo "2473"]
[BlackRD "55"]
[GameID "388752"]

1. e4 c5 2. Nf3 d6 3. Bb5+ Bd7 4. Bxd7+ Qxd7 5. d4 cxd4 6. Qxd4 Nc6 7. Qd3 g6 8. O-O Nf6 9. Nc3 Ng4 10. Bf4 Bg7
11. Rad1 Nge5 12. Bxe5 Nxe5 13. Nxe5 Bxe5 14. f4 Bxc3 15. Qxc3 O-O 16. Qb4 Rac8 17. c3 b5 18. Qd4 Rc4 19. Qd5 Qc7 20. a3 a5
21. f5 b4 22. cxb4 axb4 23. a4 b3 24. Rd4 Rc2 25. fxg6 hxg6 26. Qxb3 Kg7 27. Kh1 Qc5 28. Rd3 Qc4 29. a5 Ra8 30. Qxc4 Rxc4
31. Ra3 Rxe4 32. a6 Rb4 33. b3 Ra7 34. Kg1 f5 35. Rc1 Rb6 36. Rca1 e5 37. Kf2 Kf6 38. Ke2 d5 39. Kd3 Ke6 40. R1a2 d4
41. h4 Rb4 42. Kd2 Rb5 43. Rc2 Rb8 44. Rc6+ Kf7 45. Rd6 Rb4 46. Kc2 e4 47. Kd2 Kg7 48. g3 Kh6=
1/2-1/2

[Event "October 1800+"]
[Site "SchemingMind.com"]
[Date "2015.10.15"]
[Round "-"]
[White "frankly"]
[Black "Don71"]
[Result "1-0"]
[WhiteCountry "ENG"]
[BlackCountry "NIR"]
[WhiteElo "2473"]
[WhiteRD "55"]
[BlackElo "2298"]
[BlackRD "83"]
[GameID "388753"]

1. d4 d5 2. Nf3 Nc6 3. Bf4 Nf6 4. e3 Nh5 5. Bg3 Nxg3 6. hxg3 g6 7. c4 e6 8. cxd5 exd5 9. Bb5 Bg7 10. Nc3 O-O
11. Bxc6 bxc6 12. Na4 Bf5 13. Rc1 Qd6 14. O-O Rfb8 15. Qd2 Qb4 16. Qxb4 Rxb4 17. b3 Bd7 18. Ne5 Bxe5 19. dxe5 Re8 20. f4 f6
21. exf6 Rxe3 22. Kf2 Re8 23. Rfe1 Rbb8 24. Nc5 Bf5 25. Re5 Rxe5 26. fxe5 Re8 27. g4 Bxg4 28. Ke3 a5 29. Kd4 Kf7 30. a3 Rb8
31. Na4 Bd7 32. Rc3 Ra8 33. Nc5 Bc8 34. Re3 Bg4 35. a4 h5 36. Rc3 Bc8 37. b4 axb4 38. Rb3 Rb8 39. a5 g5 40. g3 Rb5
41. a6 Ra5 42. Rf3 b3 43. Rxb3 Bxa6 44. e6+ Kxf6 45. Rf3+ Ke7 46. Rf7+ Ke8 47. Rxc7
1-0

[Event "October 1800+"]
[Site "SchemingMind.com"]
[Date "2015.10.21"]
[Round "-"]
[White "CLewis73"]
[Black "Kid A"]
[Result "0-1"]
[WhiteCountry "ENG"]
[BlackCountry "FIN"]
[WhiteElo "1772"]
[WhiteRD "77"]
[BlackElo "1827"]
[BlackRD "77"]
[GameID "389008"]

1. d4 d5 2. Nc3 Bf5 3. f3 Nf6 4. Bg5 c6 5. Qd2 Nbd7 6. O-O-O b5 7. e4 dxe4 8. d5 a6 9. dxc6 Ne5 10. Qxd8+ Rxd8
11. Rxd8+ Kxd8 12. Bxf6 exf6 13. fxe4 Be6 14. Nf3 Nxc6 15. Be2 Bb4 16. Rd1+ Kc8 17. Nd5 Bc5 18. a4 Na7 19. axb5 Nxb5 20. c4 Nd6
21. b4 Ba7 22. e5 fxe5 23. Nxe5 Re8 24. b5 axb5 25. cxb5 f6 26. Nc4 Nxb5 27. Ncb6+ Kb7 28. Bxb5 Rd8 29. Nxf6 Rxd1+ 30. Kxd1 Kxb6
31. Bd7 Bb3+ 32. Kd2 gxf6 33. Ke3 Kc7+
0-1

[Event "October 1800+"]
[Site "SchemingMind.com"]
[Date "2015.10.21"]
[Round "-"]
[White "Kid A"]
[Black "CLewis73"]
[Result "1-0"]
[WhiteCountry "FIN"]
[BlackCountry "ENG"]
[WhiteElo "1821"]
[WhiteRD "80"]
[BlackElo "1733"]
[BlackRD "70"]
[GameID "389009"]

1. e4 e6 2. d4 d5 3. Nc3 Bb4 4. e5 c5 5. a3 Bxc3+ 6. bxc3 Ne7 7. Qg4 O-O 8. Bd3 c4 9. Be2 Qa5 10. Bd2 f6
11. exf6 Rxf6 12. h4 Nbc6 13. Nf3 Bd7 14. O-O Raf8 15. Bg5 R6f7 16. Bd2 Nf5 17. Ng5 Re7 18. Nf3 e5 19. Nxe5 Nxe5 20. dxe5 Rxe5
21. Rfe1 Re4 22. Qh3 Rxh4 23. Qf3 Nd4 24. cxd4 Qxd2 25. Qxd5+ Rf7 26. g3 Rxd4 27. Qe5 Bc6 28. Rad1 Qh6 29. Bh5 Rxd1 30. Bxf7+ Kxf7
31. Qf5+ Qf6 32. Qh5+ Kg8 33. Qxd1 b5 34. Qg4 h6 35. Qc8+ Kh7 36. Qe6 Qf3 37. Qh3 a5 38. Rf1 b4 39. axb4 axb4 40. Kh2 b3
41. cxb3 cxb3 42. g4 b2 43. Qxf3 Bxf3 44. Rb1 Bxg4 45. Kg3 Be6 46. Rxb2 g5 47. Rb6 Bf7 48. Kg4 Kg7 49. Kf5 Bh5 50. Rb7+ Kh8
51. Kf6 Kg8 52. Rb8+ Kh7 53. Rc8 g4 54. Rb8
1-0

[Event "October 1800+"]
[Site "SchemingMind.com"]
[Date "2015.10.21"]
[Round "-"]
[White "CLewis73"]
[Black "Abstract Actuary"]
[Result "0-1"]
[WhiteCountry "ENG"]
[BlackCountry "USA"]
[WhiteElo "1752"]
[WhiteRD "74"]
[BlackElo "1891"]
[BlackRD "68"]
[GameID "389010"]

1. d4 Nf6 2. Nc3 e6 3. e4 Bb4 4. Bg5 h6 5. Bxf6 Qxf6 6. e5 Qg6 7. Nf3 b6 8. Bd3 Qh5 9. O-O Bb7 10. Be4 Bxe4
11. Nxe4 Nc6 12. c4 O-O-O 13. a3 Be7 14. b4 Qg4 15. Nc3 h5 16. d5 Nb8 17. Qa4 a6 18. Nd2 Qd4 19. Qc2 Qxe5 20. Rfe1 Qf4
21. Re4 Qf5 22. Rae1 h4 23. h3 g5 24. Qb1 Rdg8 25. dxe6 dxe6 26. Re5 Qf4 27. Qa2 g4 28. R1e4 Qf6 29. hxg4 Bd6 30. Nf3 Nd7
31. g5 Qg7
0-1

[Event "October 1800+"]
[Site "SchemingMind.com"]
[Date "2015.10.21"]
[Round "-"]
[White "Abstract Actuary"]
[Black "CLewis73"]
[Result "1/2-1/2"]
[WhiteCountry "USA"]
[BlackCountry "ENG"]
[WhiteElo "1891"]
[WhiteRD "68"]
[BlackElo "1752"]
[BlackRD "74"]
[GameID "389011"]

1. e4 e6 2. d4 d5 3. Nc3 Bb4 4. e5 c5 5. a3 Bxc3+ 6. bxc3 Ne7 7. Qg4 O-O 8. Bd3 c4 9. Bh6 Ng6 10. Bxg6 fxg6
11. Bd2 Nc6 12. h4 Rf5 13. Nf3 Qf8 14. Ke2 Bd7 15. h5 gxh5 16. Rxh5 Rxh5 17. Qxh5 Qf5 18. Qxf5 exf5 19. Rb1 b6 20. Rh1 Ne7
21. Ng5 h6 22. Nh3 Ba4 23. Kd1 g5 24. f4 g4 25. Ng1 Kg7 26. Be1 Ng6 27. Ne2 Bd7 28. Bh4 Nxh4 29. Rxh4 a5= 30. Ng3 Kg6
31. Nh5 Ra7 32. Nf6 Be6 33. Kd2=
1/2-1/2

[Event "October 1800+"]
[Site "SchemingMind.com"]
[Date "2015.10.21"]
[Round "-"]
[White "CLewis73"]
[Black "Don71"]
[Result "0-1"]
[WhiteCountry "ENG"]
[BlackCountry "NIR"]
[WhiteElo "1752"]
[WhiteRD "74"]
[BlackElo "2318"]
[BlackRD "85"]
[GameID "389012"]

1. e3 e5 2. Ke2 d5 3. Qe1 Nc6 4. Kd1 Nf6 5. Bb5 Bd6 6. b3 Bd7 7. Bb2 O-O 8. f3 a6 9. Bxc6 Bxc6 10. Ne2 Re8
11. Qh4 Bd7 12. g4 d4 13. e4 d3 14. cxd3 Nxe4 15. Qxd8 Nf2+ 16. Ke1 Nxd3+ 17. Kf1 Raxd8 18. Ba3 e4
0-1

[Event "October 1800+"]
[Site "SchemingMind.com"]
[Date "2015.10.22"]
[Round "-"]
[White "Don71"]
[Black "CLewis73"]
[Result "1-0"]
[WhiteCountry "NIR"]
[BlackCountry "ENG"]
[WhiteElo "2298"]
[WhiteRD "83"]
[BlackElo "1772"]
[BlackRD "77"]
[GameID "389013"]

1. e4 e6 2. d4 d5 3. Nc3 Bb4 4. e5 c5 5. a3 Bxc3+ 6. bxc3 Ne7 7. Nf3 Bd7 8. Bd3 Ba4 9. Rb1 Qc7 10. O-O Nd7
11. Bg5 h6 12. Bxe7 Kxe7 13. Re1 cxd4 14. cxd4 Rac8 15. Qd2 Bc6 16. Qb4+ Ke8 17. a4 a5 18. Qb3 g6 19. Nd2 Nb8 20. c4 Na6
21. Be2 Nb4 22. Rec1 Qd7 23. Qa3 Kf8 24. Nb3 dxc4 25. Nxa5 Qd5 26. Nxc6
1-0

[Event "October 1800+"]
[Site "SchemingMind.com"]
[Date "2015.10.21"]
[Round "-"]
[White "CLewis73"]
[Black "Stephen Woodhouse"]
[Result "1/2-1/2"]
[WhiteCountry "ENG"]
[BlackCountry "ENG"]
[WhiteElo "1779"]
[WhiteRD "81"]
[BlackElo "1927"]
[BlackRD "48"]
[GameID "389014"]

1. d4 e6 2. Nc3 d5 3. e4 Nf6 4. Bg5 dxe4 5. Nxe4 Be7 6. Bxf6 Bxf6 7. Nf3 O-O 8. Qd2 Nd7 9. O-O-O b6 10. Bc4 Bb7
11. Rhe1 Bd5 12. Bxd5 exd5 13. Ng3 Re8 14. Qf4 Rxe1 15. Rxe1 c5 16. Nh5 cxd4 17. Nxf6+ Nxf6 18. Nxd4 Qd7 19. f3=
1/2-1/2

[Event "October 1800+"]
[Site "SchemingMind.com"]
[Date "2015.10.21"]
[Round "-"]
[White "Stephen Woodhouse"]
[Black "CLewis73"]
[Result "1-0"]
[WhiteCountry "ENG"]
[BlackCountry "ENG"]
[WhiteElo "1935"]
[WhiteRD "50"]
[BlackElo "1752"]
[BlackRD "74"]
[GameID "389015"]

1. e4 e6 2. d4 d5 3. Nd2 c5 4. exd5 exd5 5. Bb5+ Bd7 6. Qe2+ Be7 7. dxc5 Nf6 8. Nb3 O-O 9. Be3 Re8 10. Nf3 Ng4
11. O-O-O Nxe3 12. Bxd7 Qxd7 13. Qxe3 a5 14. Ne5 Qc7 15. Rxd5 Bf6 16. f4 Nc6 17. Re1 a4 18. Nd4 Nb4 19. Rd7 Qxc5 20. a3 Nd5
21. Qd2 Bxe5 22. Rxe5 Rxe5 23. fxe5 Nc7 24. Nf3 h6 25. Qf4 Rf8 26. Qd4 Ne6 27. Qxc5 Nxc5 28. Rc7 b6 29. Rc6 Rb8 30. Nd4 Re8
31. Rxb6 Rxe5 32. Rb5 Rg5 33. g3 Ne6 34. Rxg5
1-0

[Event "October 1800+"]
[Site "SchemingMind.com"]
[Date "2015.10.21"]
[Round "-"]
[White "CLewis73"]
[Black "frankly"]
[Result "0-1"]
[WhiteCountry "ENG"]
[BlackCountry "ENG"]
[WhiteElo "1779"]
[WhiteRD "81"]
[BlackElo "2454"]
[BlackRD "56"]
[GameID "389016"]

1. e3 d5 2. Ke2 e5 3. b3 Nc6 4. Bb2 Nf6 5. f3 d4 6. a3 Be7 7. Qe1 Nd5 8. e4 Nf4+ 9. Kf2 Nxg2 10. Qc1 Bh4+
11. Ke2 Qg5 12. d3 Ne3 13. Nd2 Be6 14. Nh3 Qh6 15. Nc4 Bxc4 16. bxc4 f5 17. exf5 O-O 18. Nf2 Bxf2 19. Kxf2 Rxf5
0-1

[Event "October 1800+"]
[Site "SchemingMind.com"]
[Date "2015.10.21"]
[Round "-"]
[White "frankly"]
[Black "CLewis73"]
[Result "1-0"]
[WhiteCountry "ENG"]
[BlackCountry "ENG"]
[WhiteElo "2454"]
[WhiteRD "56"]
[BlackElo "1779"]
[BlackRD "81"]
[GameID "389017"]

1. d4 e6 2. c4 Ke7 3. e4 Qe8 4. Nf3 Kd8 5. Be2 Bb4+ 6. Bd2 Bxd2+ 7. Qxd2 Qe7 8. Nc3 b6 9. O-O Bb7 10. Rac1 Nf6
11. e5 Ne4 12. Nxe4 Bxe4 13. d5 f6 14. Qf4 exd5 15. cxd5 Bxf3 16. d6 cxd6 17. Bxf3 Nc6 18. exd6 Qe5 19. Qa4
1-0